KOHA-Header-6

Elementary Number Theory (Record no. 6807)

000 -LEADER
fixed length control field 00258nam a2200109Ia 4500
100 ## - MAIN ENTRY--AUTHOR NAME
Personal name David M. Burton
245 #0 - TITLE STATEMENT
Title Elementary Number Theory
260 ## - PUBLICATION, DISTRIBUTION, ETC. (IMPRINT)
Place of publication USA
Name of publisher Mc Graw Hill
Year of publication 1998
300 ## - PHYSICAL DESCRIPTION
Number of Pages 386
942 ## - ADDED ENTRY ELEMENTS (KOHA)
Koha item type Books

No items available.

Powered by Koha